Statistics for Capital Cities by Photos #6

Click here to take the quiz!

General Stats

  • This quiz has been taken 28 times
  • The average score is 4 of 12

Answer Stats

Answer% Correct
Tirana
93%
Bangkok
56%
Sofia
56%
Warsaw
44%
Thimphu
37%
Luxembourg
33%
Tbilisi
33%
Vilnius
33%
Seoul
26%
Jakarta
19%
Bridgetown
7%
Luanda
0%

Score Distribution

Percentile by Number Answered

Percent of People with Each Score

Your Score History

You have not taken this quiz